Wszyscy reprezentanci Polski w piłce nożnej kiedykolwiek - Statystyki

Ogólne statystyki
  • Ten quiz został rozwiązany 304 razy
  • Średni wynik to 159 z 987
Statystyki odpowiedzi
Piłkarz Liczba
występów
Lata występów % Poprawnych
Robert Lewandowski 161 2008-
99%
Bolesław Lewandowski 1 1957
97%
Mariusz Lewandowski 66 2002-2013
97%
Grzegorz Lewandowski 5 1993-1996
96%
Wojciech Szczęsny 84 2009-2024
92%
Maciej Szczęsny 7 1991-1996
91%
Edmund Kowal 8 1953-1958
83%
Jacek Zieliński 60 1995-2003
83%
Jakub Błaszczykowski 109 2006-2023
83%
Michał Zieliński 1 2008
83%
Piotr Zieliński 103 2013-
83%
Grzegorz Lato 100 1971-1984
81%
Łukasz Fabiański 57 2006-2021
81%
Zbigniew Boniek 80 1976-1988
81%
Arkadiusz Milik 73 2012-
80%
Kamil Grosicki 98 2008-
79%
Leszek Pisz 14 1990-1996
78%
Michał Pazdan 38 2007-2019
78%
Łukasz Piszczek 66 2007-2019
76%
Artur Boruc 65 2004-2017
74%
Dawid Nowak 8 2008-2011
74%
Helmut Nowak 2 1956-1957
74%
Jan Bednarek 72 2017-
74%
Kamil Glik 103 2010-2022
74%
Kazimierz Deyna 97 1968-1978
74%
Krzysztof Nowak 10 1997-1999
74%
Piotr Nowak 19 1990-1997
74%
Tadeusz Nowak 2 1972-1977
74%
Tomasz Nowak 3 2010
74%
Grzegorz Krychowiak 100 2008-2023
72%
Matty Cash 22 2021-
72%
Krzysztof Piątek 38 2018-
71%
Jakub Kiwior 39 2022-
70%
Jerzy Dudek 60 1998-2013
70%
Leonard Piątek 17 1936-1939
70%
Emmanuel Olisadebe 25 2000-2004
68%
Jan Kowalski 10 1960-1962
67%
Paweł Kowalski 4 1967
67%
Władysław Kowalski 4 1923-1924
67%
Nicola Zalewski 31 2021-
66%
Damian Szymański 18 2018-
65%
Euzebiusz Smolarek 47 2002-2010
65%
Sebastian Szymański 49 2019-
65%
Włodzimierz Smolarek 60 1980-1992
65%
Jacek Kowalczyk 3 2003
64%
Marcin Kowalczyk 8 2008-2013
64%
Przemysław Frankowski 51 2018-
64%
Tomasz Frankowski 22 1999-2006
64%
Bartosz Kapustka 19 2015-
63%
Ewald Urban 6 1932-1934
63%
Krzysztof Frankowski 4 1981
63%
Wojciech Kowalczyk 39 1991-1999
63%
Jakub Kamiński 25 2021-
62%
Jan Urban 57 1985-1991
62%
Marcin Kamiński 7 2011-2018
62%
Jan Tomaszewski 63 1971-1981
61%
Jan Wiśniewski 9 1949-1952
61%
Łukasz Skorupski 20 2012-
61%
Mieczysław Wiśniewski 6 1922-1924
61%
Przemysław Wiśniewski 4 2025-
61%
Bartłomiej Drągowski 3 2020-
60%
Kamil Grabara 2 2022-
60%
Karol Świderski 46 2021-
57%
Bartosz Bereszyński 58 2013-
56%
Tomasz Kos 3 2000-2002
56%
Maciej Rybus 66 2009-2021
54%
Marcin Żewłakow 26 2000-2004
54%
Michał Żewłakow 102 1999-2011
54%
Sebastian Mila 38 2003-2025
54%
Thiago Cionek 21 2014-2018
54%
Artur Jędrzejczyk 41 2010-2022
53%
Marcin Bułka 5 2023-
53%
Tomasz Hajto 62 1996-2005
53%
Włodzimierz Lubański 75 1963-1980
53%
Adam Buksa 24 2021-
52%
Jacek Krzynówek 96 1998-2009
51%
Jakub Wawrzyniak 49 2006-2016
51%
Kacper Urbański 11 2024-
51%
Dariusz Żuraw 1 2005
50%
Ernest Wilimowski 22 1934-1939
50%
Jakub Moder 35 2020-
50%
Jan Wilim 3 1966
50%
Jerzy Wilim 8 1963-1969
50%
Karol Linetty 47 2014-
50%
Ludovic Obraniak 34 2009-2014
50%
Łukasz Broź 3 2012-2024
50%
Przemysław Tytoń 14 2010-2016
50%
Arkadiusz Bąk 13 1998-2002
49%
Jacek Bąk 96 1993-2008
49%
Krzysztof Mączyński 31 2013-2018
49%
Mirosław Bąk 1 1983
49%
Maciej Żurawski 72 1998-2008
48%
Andrzej Szarmach 61 1973-1982
47%
Marcin Kuś 7 2002-2008
47%
Paweł Brożek 38 2005-2014
47%
Piotr Brożek 5 2008-2010
47%
Taras Romanczuk 5 2018-
47%
Eugen Polanski 19 2011-2014
46%
Paweł Wszołek 18 2012-
46%
Tymoteusz Puchacz 15 2021-
46%
Kacper Kozłowski 7 2021-
45%
Tomasz Kędziora 34 2017-
45%
Jakub Piotrowski 13 2023-
44%
Jerzy Jóźwiak 1 1962
44%
Kamil Jóźwiak 22 2019-2021
44%
Marek Jóźwiak 14 1992-1998
44%
Mateusz Klich 41 2011-2022
44%
Sebastian Boenisch 14 2010-2013
44%
Wilhelm Góra 16 1935-1939
44%
Adam Nawałka 34 1977-1980
43%
Janusz Góra 11 1989-1992
43%
Jarosław Góra 1 1992
43%
Marcin Wasilewski 60 2002-2013
43%
Tomasz Jodłowiec 49 2008-2018
43%
Bartosz Slisz 20 2021-
42%
Damien Perquis 14 2011-2013
42%
Sławomir Peszko 44 2008-2016
42%
Adam Majewski 1 2003
41%
Kamil Piątkowski 8 2021-
41%
Radosław Majewski 9 2007-2013
41%
Roger Guerreiro 25 2008-2011
41%
Stefan Majewski 40 1978-1986
41%
Witold Majewski 7 1958-1962
41%
Ireneusz Jeleń 29 2003-2012
40%
Józef Młynarczyk 42 1979-1986
40%
Kazimierz Górski 1 1948
40%
Łukasz Teodorczyk 19 2012-2018
40%
Rafał Murawski 48 2006-2012
40%
Dariusz Dudka 65 2004-2012
39%
Jakub Kosecki 5 2012=2013
39%
Jerzy Brzęczek 42 1992-1999
39%
Jerzy Piec 6 1937-1947
39%
Józef Sobota 1 1926
39%
Maciej Murawski 6 1998-2002
39%
Maxi Oyedele 2 2024-
39%
Michał Skóraś 11 2022-
39%
Radosław Majdan 9 2000-2002
39%
Roman Kosecki 69 1988-1995
39%
Ryszard Piec 21 1935-1939
39%
Tomasz Kłos 69 1998-2006
39%
Tomasz Kuszczak 11 2003-2012
39%
Waldemar Sobota 17 2011-2014
39%
Władysław Żmuda 91 1973-1986
39%
Paweł Dawidowicz 17 2015-
38%
Wojciech Kowalewski 11 2002-2009
38%
Andrzej Iwan 29 1978-1987
37%
Arkadiusz Piech 4 2011-2012
37%
Tomasz Iwan 40 1995-2002
37%
Wacław Kuchar 23 1921-1928
37%
Arkadiusz Głowacki 29 2002-2011
36%
Hubert Gad 6 1936-1937
36%
Jacek Góralski 21 2016-2022
36%
Robert Gadocha 62 1967-1975
36%
Arkadiusz Reca 15 2018-2022
35%
Kamil Kosowski 52 2001-2009
35%
Krystian Bielik 11 2019-2023
35%
Łukasz Szukała 17 2013-2015
35%
Adrian Mierzejewski 41 2010-2013
34%
Dawid Kownacki 7 2018-
34%
Janusz Gol 8 2010-2012
34%
Jan Ziółkowski 2 2025-
34%
Jerzy Gorgoń 55 1970-1978
34%
Łukasz Mierzejewski 5 2010
34%
Sebastian Walukiewicz 10 2020-
34%
Tomasz Wałdoch 74 1991-2002
34%
Andrzej Niedzielan 19 2002-2010
33%
Bartosz Salamon 15 2013-
33%
Longin Pawłowski 1 1937
33%
Marek Świerczewski 6 1994-1995
33%
Mariusz Jop 27 2003-2008
33%
Piotr Świerczewski 70 1992-2003
33%
Przemysław Płacheta 7 2020--2021
33%
Szymon Pawłowski 17 2007-2014
33%
Tadeusz Pawłowski 5 1976-1979
33%
Władysław Pawłowski 2 1937
33%
Andrzej Juskowiak 39 1992-2001
32%
Ernest Pohl 46 1955-1965
32%
Filip Rózga 1 2025
32%
Grzegorz Rasiak 37 2002-2007
32%
Lucjan Brychczy 58 1954-1969
32%
Paweł Kryszałowicz 33 1999-2004
31%
Henryk Kasperczak 61 1973-1978
30%
Mateusz Bogusz 5 2024-
30%
Radosław Majecki 1 2021
30%
Robert Gumny 6 2020-2023
30%
Artur Wichniarek 17 1999-2008
29%
Bartosz Bosacki 20 2002-2009
29%
Cezary Wilk 2 2010-2011
29%
Daniel Bogusz 2 1997-2002
29%
Jakub Wilk 3 2009
29%
Marcin Baszczyński 35 2000-2006
29%
Mariusz Stępiński 4 2013-2017
29%
Stanisław Wójcik 1 1927
29%
Bartosz Białkowski 1 2018
28%
Edward Szymkowiak 53 1952-1965
28%
Mirosław Szymkowiak 33 1997-2006
28%
Adam Matysek 34 1991-2002
27%
Jan Sobol 2 1977-1979
27%
Józef Kałuża 16 1921-1928
27%
Krzysztof Warzycha 50 1984-1997
27%
Łukasz Garguła 16 2006-2009
27%
Marcin Komorowski 13 2008-2015
27%
Patryk Peda 3 2023
27%
Paweł Bochniewicz 3 2020-
27%
Paweł Olkowski 13 2013-2015
27%
Radosław Sobolewski 32 2003-2007
27%
Robert Warzycha 47 1987-1993
27%
Szymon Żurkowski 7 2022-
27%
Alan Czerwiński 1 2020
26%
Damian Kądzior 6 2018-2020
26%
Dariusz Rzeźniczek 2 1996-1997
26%
Grzegorz Piechna 1 2005
26%
Jakub Rzeźniczak 9 2008-2014
26%
Michael Ameyaw 2 2024-
26%
Michał Kucharczyk 9 2011-2015
26%
Paweł Janas 53 1976-1984
26%
Radosław Kałużny 40 1997-2005
26%
Rafał Kurzawa 7 2017-2018
26%
Artur Sobiech 13 2010-2015
25%
Cezary Kucharski 17 1996-2002
25%
Erwin Wilczek 16 1961-1969
25%
Kamil Wilczek 3 2016-2017
25%
Mateusz Skrzypczak 2 2025-
25%
Michał Helik 7 2021-
25%
Piotr Reiss 4 1998-2000
25%
Radosław Matusiak 15 2006-2008
25%
Rafał Wolski 7 2012-2017
25%
Antoni Szymanowski 82 1970-1980
24%
Damian Dąbrowski 1 2016
24%
Dariusz Skrzypczak 7 1991-1992
24%
Grzegorz Bronowicki 14 2006-2008
24%
Jan Włodarczyk 6 1947-1948
24%
Marek Citko 10 1996-1997
24%
Piotr Włodarczyk 4 1999-2004
24%
Roman Dąbrowski 5 1994-2003
24%
Andrzej Buncol 51 1980-1986
23%
Antoni Kot 1 1971
23%
Dawid Janczyk 5 2008-2009
23%
Filip Starzyński 4 2014-2016
23%
Gerard Cieślik 45 1947-1958
23%
Henryk Szymanowski 1 1979
23%
Jacek Gmoch 29 1962-1968
23%
Maciej Makuszewski 5 2017
23%
Marek Saganowski 35 1996-2012
23%
Patryk Dziczek 2 2023-
23%
Roman Jańczyk 1 1932
23%
Wiesław Jańczyk 1 1957
23%
Andrzej Woźniak 20 1994-1997
22%
Antoni Kozubal 1 2024-
22%
Arkadiusz Woźniak 1 2011
22%
Artur Woźniak 5 1933-1938
22%
Grzegorz Wojtkowiak 23 2008-2014
22%
Jan Furtok 36 1984-1993
22%
Jerzy Woźniak 35 1955-1962
22%
Maksymilian Koźmin 2 1930-1931
22%
Mateusz Wieteska 6 2022-
22%
Michał Żyro 4 2014
22%
Ryszard Polak 1 1975
22%
Tadeusz Polak 2 1972
22%
Tomasz Brzyski 7 2010-2014
22%
Tomasz Rząsa 36 1994-2006
22%
Arkadiusz Radomski 30 2003-2008
21%
Bogdan Zając 1 1998
21%
Erwin Michalski 4 1935
21%
Grzegorz Mielcarski 10 1991-1998
21%
Grzegorz Sandomierski 3 2010-2011
21%
Jacek Kiełb 2 2010
21%
Janusz Gancarczyk 1 2009
21%
Marcin Robak 9 2010-2014
21%
Marcin Zając 11 1997-2005
21%
Marek Zając 2 2000-2001
21%
Paweł Golański 14 2006-2009
21%
Przemysław Kaźmierczak 12 2005-2013
21%
Radosław Michalski 28 1993-2000
21%
Seweryn Gancarczyk 7 2006-2009
21%
Stanisław Kaźmierczak 1 1947
21%
Antoni Piechniczek 3 1967-1969
20%
Arkadiusz Pyrka 1 2025-
20%
Dominik Marczuk 1 2024-
20%
Filip Marchwiński 2 2023-
20%
Maciej Iwański 10 2006-2010
20%
Marek Koźmiński 45 1992-2002
20%
Mariusz Pawełek 4 2006-2010
20%
Patryk Małecki 8 2009-2011
20%
Rafał Augustyniak 1 2021
20%
Bartosz Karwan 22 1998-2005
19%
Dariusz Dziekanowski 63 1981-1990
19%
Dominik Furman 3 2012-2019
19%
Henryk Reyman 9 1922-1931
19%
Jan Leszczyński 1 1968
19%
Jan Wojciechowski 2 1928-1930
19%
Łukasz Surma 5 2002-2003
19%
Marcin Mięciel 5 1996-2002
19%
Rafał Leszczyński 1 2014
19%
Sebastian Przyrowski 9 2005-2010
19%
Sławomir Wojciechowski 4 1997
19%
Włodzimierz Wojciechowski 3 1972-1973
19%
Ariel Borysiuk 12 2010-2016
18%
Jakub Świerczok 6 2017-2021
18%
Jan Liberda 35 1959-1967
18%
Mariusz Liberda 3 2002-2003
18%
Paweł Sibik 3 2002
18%
Piotr Celeban 10 2008-2013
18%
Rafał Boguski 6 2007-2009
18%
Adam Musiał 34 1968-1974
17%
Damian Gorawski 14 2003-2005
17%
Edward Jankowski 10 1952-1961
17%
Grzegorz Szamotulski 13 1996-12003
17%
Igor Lewczuk 2 2014
17%
Jan Domarski 17 1967-1974
17%
Kazimierz Sokołowski 2 1985-1986
17%
Maciej Jankowski 1 2011
17%
Maciej Sadlok 15 2009-2011
17%
Marcin Adamski 3 2003-2005
17%
Marcin Kuźba 6 1995-2003
17%
Marcin Nowacki 1 2004
17%
Marek Zieńczuk 9 2002-2008
17%
Michał Karbownik 4 2020-
17%
Ryszard Jankowski 2 1988
17%
Teodor Anioła 7 1950-1954
17%
Tomasz Łapiński 36 1992-1999
17%
Tomasz Sokołowski 12 1994-1998
17%
Tomasz Zahorski 13 2007-209
17%
Włodzimierz Mazur 23 1976-1982
17%
Wojciech Łobodziński 23 2006-2009
17%
Adam Ledwoń 18 1993-1998
16%
Adrian Sikora 2 2003
16%
Andrzej Rudy 16 1986-1998
16%
Łukasz Trałka 7 2008-2012
16%
Maciej Stolarczyk 8 1994-2005
16%
Piotr Ćwielong 1 2013
16%
Piotr Giza 5 2005-2006
16%
Stanisław Baran 9 1939-1950
16%
Tomasz Zdebel 14 2000-2003
16%
Wojciech Rudy 39 1974-1981
16%
Daniel Łukasik 5 2012-2013
15%
Jacek Bednarz 5 1993-1996
15%
Jakub Kałuziński 1 2024
15%
Janusz Baran 1 1979
15%
Janusz Jojko 2 1987-1994
15%
Kazimierz Kmiecik 34 1972-1980
15%
Krzysztof Baran 10 1981-1987
15%
Krzysztof Pawlak 31 1983-1987
15%
Łukasz Sosin 4 2006-2009
15%
Marcin Kaczmarek 2 2005
15%
Mariusz Kukiełka 20 1997-2004
15%
Mariusz Pawelec 2 2007-2008
15%
Mariusz Pawlak 1 2000
15%
Mariusz Śrutwa 5 1996-1998
15%
Paweł Król 22 1981-1988
15%
Piotr Polczak 5 2008-2009
15%
Radosław Cierzniak 1 2009
15%
Ryszard Tarasiewicz 58 1984-1991
15%
Stanisław Oślizło 57 1961-1971
15%
Tomasz Bandrowski 7 2008-2010
15%
Tomasz Kupisz 4 2010-2013
15%
Władysław Król 4 1933-1937
15%
Zbigniew Kaczmarek 30 1985-1991
15%
Adam Kokoszka 11 2006-2014
14%
Aleksander Kłak 11 1992-1997
14%
Arkadiusz Onyszko 2 1997
14%
Bartłomiej Wdowik 1 2023
14%
Damian Łukasik 27 1985-1990
14%
Janusz Nawrocki 23 1989-1991
14%
Kazimierz Moskal 6 1990-1994
14%
Kazimierz Węgrzyn 20 1991-1999
14%
Łukasz Madej 5 2003-2014
14%
Marcin Burkhardt 10 2003-2005
14%
Michał Masłowski 3 2014
14%
Mirosław Trzeciak 22 1991-1999
14%
Radosław Gilewicz 10 1997-2001
14%
Rafał Siadaczka 17 1995-1999
14%
Ryszard Czerwiec 28 1991-2000
14%
Tomasz Kiełbowicz 9 2000-2007
14%
Adam Marciniak 2 2013
13%
Dariusz Marciniak 5 1987-1988
13%
Fryderyk Scherfke 12 1932-1938
13%
Hubert Wołąkiewicz 4 2010-2011
13%
Janusz Kupcewicz 20 1976-1983
13%
Jerzy Podbrożny 6 1991-1995
13%
Kazimierz Kaczor 3 1923-1925
13%
Krzysztof Ratajczyk 16 1994-2003
13%
Lesław Ćmikiewicz 57 1970-1979
13%
Maciej Terlecki 1 1999
13%
Marek Leśniak 20 1986-1994
13%
Rafał Pietrzak 3 2018-2020
13%
Ryszard Staniek 12 1992-1996
13%
Sławomir Majak 22 1995-2000
13%
Stanisław Terlecki 29 1976-1980
13%
Sylwester Czereszewski 23 1994-1999
13%
Dariusz Adamczuk 11 1992-1999
12%
Eugeniusz Kubicki 1 1948
12%
Karol Struski 1 2023
12%
Krzysztof Adamczyk 3 1980-1981
12%
Marcin Kikut 2 2010-2011
12%
Mateusz Cetnarski 2 2010
12%
Rafał Kosznik 1 2013
12%
Roman Wójcicki 62 1978-1989
12%
Tomasz Dawidowski 10 2001-2003
12%
Tomasz Wieszczycki 11 1994-2000
12%
Waldemar Adamczyk 2 1997
12%
Waldemar Matysik 55 1980-1989
12%
Andrzej Kobylański 6 1992-1993
11%
Bartłomiej Grzelak 4 2006-2007
11%
Bogusław Wyparło 3 1998-1999
11%
Dariusz Kubicki 46 1982-1991
11%
Dariusz Wdowczyk 53 1984-1992
11%
Edmund Białas 2 1948
11%
Grzegorz Pater 1 2001
11%
Henryk Apostel 1 1962
11%
Igor Sypniewski 2 1999-2001
11%
Jacek Dembiński 10 1994-1998
11%
Jan Białas 1 1974
11%
Jarosław Bako 35 1988-1993
11%
Marek Koniarek 2 1986-1987
11%
Mateusz Łęgowski 1 2022
11%
Michał Goliński 5 2004-2008
11%
Olgierd Moskalewicz 1 2000
11%
Rafał Grzelak 2 2006-2007
11%
Sebastian Tyrała 1 2008
11%
Tomasz Lisowski 3 2007-2008
11%
Adam Danch 2 2008-2012
10%
Andrzej Sikorski 1 1974 | 1986
10%
Bartosz Ślusarski 2 2005
10%
Dariusz Gęsior 22 1992-1999
10%
Edward Cebula 5 1939-1952
10%
Edward Jabłoński 3 1939-1947
10%
Grzegorz Bonin 1 2006
10%
Hubert Kostka 32 1962-1972
10%
Jacek Ziober 46 1988
10%
Jakub Słowik 1 2012
10%
Jan Banaś 31 1964-1973
10%
Jarosław Bieniuk 8 2003-2009
10%
Joachim Marx 23 1966-1975
10%
Józef Wandzik 52 1985-1995
10%
Maciej Małkowski 2 2008-2009
10%
Maciej Nalepa 2 2003-2004
10%
Marian Jabłoński 3 1947-1949
10%
Mariusz Mowlik 1 2004
10%
Mariusz Piekarski 2 1998-2002
10%
Michał Wróbel 3 1979
10%
Paweł Magdoń 1 2006
10%
Paweł Wojtala 12 1994-1997
10%
Piotr Mowlik 21 1974-1982
10%
Sebastian Małkowski 1 2011
10%
Stefan Domański 6 1924-1935
10%
Tomasz Cebula 12 1990-1994
10%
Witold Sikorski 2 1981
10%
Włodzimierz Ciołek 29 1978-1985
10%
Adam Matuszczyk 21 2010-2013
9%
Andrzej Bledzewski 1 2002
9%
Bronisław Bula 26 1968-1975
9%
Bronisław Makowski 1 1931
9%
Dawid Plizga 3 2010-2014
9%
Grzegorz Bartczak 2 2007
9%
Henryk Bałuszyński 15 1994-1997
9%
Henryk Czech 1 1956
9%
Jakub Tosik 2 2010
9%
Kazimierz Sidorczuk 14 1990-1999
9%
Konrad Gołoś 3 2005-2008
9%
Łukasz Załuska 1 2009
9%
Maciej Wilusz 4 2014
9%
Marek Dziuba 53 1977-1984
9%
Marek Kusto 19 1974-1984
9%
Marek Ostrowski 37 1981-1987
9%
Michał Gliwa 1 2011
9%
Michał Miśkiewicz 1 2014
9%
Paweł Kaczorowski 14 2000-2005
9%
Piotr Piechniak 3 2003-2007
9%
Wahan Geworgian 1 2004
9%
Wojciech Golla 1 2014
9%
Zygfryd Szołtysik 46 1963-1972
9%
Zygmunt Kalinowski 4 1973-1974
9%
Adrian Budka 1 2006
8%
Ariel Jakubowski 1 1999
8%
Arkadiusz Kaliszan 1 2000
8%
Bartosz Rymaniak 1 2012
8%
Henryk Szczepański 45 1957-1965
8%
Herbert Kulawik 3 1939-1947
8%
Jakub Wierzchowski 2 2000-2002
8%
Jan Karaś 16 1984-1988
8%
Jarosław Araszkiewicz 12 1985-1992
8%
Jarosław Nowicki 4 1981
8%
Józef Klotz 2 1922
8%
Józef Nawrot 19 1928-1935
8%
Józef Szewczyk 1 1978
8%
Krzysztof Bizacki 2 2000
8%
Mieczysław Szewczyk 1 1987
8%
Robert Kolendowicz 1 2006
8%
Roman Szewczyk 37 1989-1994
8%
Ryszard Budka 2 1962
8%
Tomasz Kulawik 2 1998
8%
Witold Karaś 2 1974
8%
Zdzisław Kapka 14 1973-1981
8%
Zdzisław Styczeń 5 1921-1924
8%
Adam Walczak 4 1980-1981
7%
Edward Brzozowski 6 1947-1951
7%
Edward Madejski 11 1936-1938
7%
Grzegorz Wędzyński 2 1998-1999
7%
Henryk Wieczorek 17 1973-1979
7%
Jacek Berensztajn 2 1996-1997
7%
Jan Jałocha 28 1981-1985
7%
Józef Walczak 2 1954-1956
7%
Józef Wieczorek 2 1953
7%
Krzysztof Budka 3 1989
7%
Krzysztof Bukalski 17 1995-1998
7%
Marcin Jałocha 18 1992-1994
7%
Mateusz Zachara 2 2014
7%
Mirosław Okoński 29 1977-1987
7%
Mirosław Sznaucner 2 2003
7%
Paweł Drumlak 1 2002
7%
Paweł Janik 1 1970
7%
Piotr Czachowski 45 1989-1993
7%
Piotr Kuklis 2 2007-2008
7%
Piotr Madejski 1 2007
7%
Ryszard Robakiewicz 3 1987-1988
7%
Teodor Wieczorek 10 1949-1953
7%
Tomasz Moskała 1 2002
7%
Waldemar Kryger 5 1997-1998
7%
Werner (Antoni) Janik 7 1947-1948
7%
Zbigniew Gut 11 1972-1974
7%
Zbigniew Robakiewicz 1 1994
7%
Antoni Łukasiewicz 2 2008-2009
6%
Edward Miller 1 1936
6%
Filip Modelski 1 2011
6%
Henryk Grzybowski 10 1957-1960
6%
Jacek Kazimierski 23 1981-1987
6%
Janusz Kowalik 6 1965-1966
6%
Janusz Żmijewski 15 1965-1969
6%
Jerzy Orłowski 1 1954
6%
Juliusz Miller 6 1923-1924
6%
Maciej Scherfchen 2 2004-2006
6%
Maksymilian Barański 5 1947
6%
Mirosław Bulzacki 23 1973-1975
6%
Paweł Skrzypek 10 1996-1997
6%
Ryszard Grzegorczyk 23 1960-1966
6%
Waldemar Prusik 49 1983-1989
6%
Władysław Szczepaniak 34 1930-1947
6%
Włodzimierz Krygier 1 1928
6%
Zdzisław Janik 3 1991
6%
Zygmunt Maszczyk 36 1968-1976
6%
Adam Kogut 1 1922
5%
Bernard Blaut 36 1960-1971
5%
Eugeniusz Faber 36 1959-1969
5%
Grzegorz Kaliciak 3 1996-1999
5%
Grzegorz Tomala 1 1999
5%
Hubert Pala 3 1960
5%
Jerzy Bułanow 22 1922-1935
5%
Józef Adamek 9 1924-1930
5%
Józef Ciszewski 14 1925-1934
5%
Marcin Radzewicz 2 2003
5%
Marek Chojnacki 4 1981
5%
Marian Łącz 3 1949-1950
5%
Marian Markiewicz 3 1924
5%
Michał Stasiak 3 2003-2004
5%
Patryk Rachwał 4 2003-2005
5%
Rafał Lasocki 3 2003-2004
5%
Roman Faber 2 1979
5%
Romuald Chojnacki 2 1974
5%
Sławomir Paluch 2 1997
5%
Stefan Fryc 8 1922-1924
5%
Teodor Peterek 9 1931-1938
5%
Tomasz Ciesielski 1 2002
5%
Tomasz Jarzębowski 2 2003-2004
5%
Tomasz Mazurkiewicz 1 2003
5%
Waldemar Jaskulski 13 1993-1996
5%
Władysław Krupa 1 1924
5%
Władysław Stachurski 8 1969-1970
5%
Zygfryd Blaut 1 1970
5%
Andrzej Jarosik 25 1965-1972
4%
Andrzej Lesiak 18 1990-1993
4%
Andrzej Pałasz 34 1980-1985
4%
Antoni Piasecki 1 1935
4%
Antoni Śledź 1 1924
4%
Antoni Trzaskowski 1 1971
4%
Dariusz Pietrasiak 2 2010
4%
Edmund Zientara 40 1950-1961
4%
Erwin Nyc 11 1937-1939
4%
Henryk Martyna 23 1930-1936
4%
Jacek Chańko 1 1999
4%
Jan Lesiak 1 1936
4%
Józef Dankowski 3 1985-1987
4%
Kazimierz Przybyś 15 1985-1987
4%
Krzysztof Maciejewski 5 1991-1994
4%
Ludwik Gintel 12 1921-1925
4%
Marek Motyka 8 1980
4%
Marek Rzepka 15 1991-1993
4%
Marian Czachor 1 1947
4%
Mieczysław Czajkowski 2 1925
4%
Mirosław Tłokiński 2 1981-1983
4%
Piotr Brzoza 1
4%
Piotr Rzepka 7 1981-1987
4%
Rafał Kaczmarczyk 2 1996-1997
4%
Rafał Szwed 1 1999
4%
Roman Ogaza 21 1974-1981
4%
Ryszard Milewski 3 1980-1981
4%
Stanisław Andrzejewski 1 1936
4%
Stefan Śliwa 3 1922-1923
4%
Zbigniew Wyciszkiewicz 3 1996
4%
Zdzisław Bieniek 7 1952-1954
4%
Zygmunt Anczok 48 1965-1973
4%
Aleksander Tupalski 3 1925-1926
3%
Alfred Olek 1 1970
3%
Andrzej Zgutczyński 5 1985-1986
3%
Andrzej Zygmunt 1 1971
3%
Arkadiusz Kubik 2 1994
3%
Artur Marczewski 1 1921
3%
Czesław Ciupa 3 1950-1953
3%
Dariusz Fornalak 2 1989
3%
Dariusz Grzesik 3 1990
3%
Ewald Wiśniowski 1 1953
3%
Gerard Wodarz 28 1932-1939
3%
Gustaw Bator 3 1931-1932
3%
Helmut Cichoń 4 1954-1953
3%
Jan Gawroński 3 1957-1959
3%
Jan Loth 5 1921-1924
3%
Jarosław Jach 2 2017
3%
Jerzy Kraska 13 1972-1973
3%
Jerzy Wijas 17 1983-1989
3%
Jerzy Wyrobek 15 1970-1977
3%
Karol Kossok 5 1928-1932
3%
Kazimierz Buda 10 1981-1984
3%
Krystian Michallik 2 1966-1968
3%
Krzysztof Piskuła 1 1999
3%
Lechosław Olsza 2 1976
3%
Leonard Malik 1 1930
3%
Leszek Iwanicki 2 1987
3%
Leszek Jezierski 6 1954-1958
3%
Ludwik Schneider 2 1923-1926
3%
Marek Kostrzewa 1 1987
3%
Marian Norkowski 6 1958-1960
3%
Mariusz Nosal 1 1999
3%
Michał Matyas 18 1932-1939
3%
Mieczysław Batsch 11 1923-1926
3%
Mieczysław Gracz 22 1947-1950
3%
Norbert Gajda 7 1961-1962
3%
Paweł Orzechowski 4 1964-1966
3%
Piotr Drzewiecki 3 1974
3%
Piotr Jegor 20 1989-1997
3%
Piotr Suski 19 1961-1967
3%
Roman Korynt 34 1952-1959
3%
Rudolf Wojtowicz 1 1978
3%
Ryszard Komornicki 20 1984-1988
3%
Ryszard Wyrobek 2 1954-1956
3%
Stefan Loth 1 1926
3%
Stefan Popiel 2 1922-1923
3%
Tadeusz Świątek 1 1986
3%
Tadeusz Synowiec 8 1921-1924
3%
Tomasz Dziubiński 2 1991-1993
3%
Walter Brom 2 1947
3%
Wawrzyniec Cyl 3 1923-1924
3%
Wawrzyniec Staliński 13 1922-1928
3%
Zdzisław Kostrzewa 3 1978-1981
3%
Zdzisław Wesołowski 1 1951
3%
Zygmunt Kukla 20 1976-1979
3%
Zygmunt Otto 1 1924
3%
Adolf Krzyk 6 1937-1939
2%
Adolf Zimmer 1 1934
2%
Aleksander Pychowski 2 1925-1926
2%
Andrzej Fischer 2 1974
2%
Andrzej Przeworski 1 1922
2%
Antoni Amirowicz 1 1924
2%
Antoni Keller 2 1934-1935
2%
Antoni Malczyk 1 1925
2%
Bohdan Masztaler 22 1970-1978
2%
Bolesław Cichecki 1 1926
2%
Bronisław Fichtel 2 1925-1926
2%
Bronisław Seichter 2 1928-1930
2%
Czesław Jakołcewicz 15 1984-1991
2%
Dariusz Szubert 3 1994
2%
Edward Bill 1 1926
2%
Engelbert Jarek 3 1958-1962
2%
Ewald Dytko 22 1935-1939
2%
Filip Kmiciński 1 1925
2%
Franciszek Pytel 1 1937
2%
Franciszek Zastawniak 2 1927-1928
2%
Ginter Gawlik 7 1957-1958
2%
Henryk Bolesta 1 1986
2%
Henryk Latocha 8 1968-1970
2%
Henryk Maculewicz 23 1974-1978
2%
Hubert Skowronek 1 1966
2%
Ignacy Dybała 1 1950
2%
Jacek Bayer 1 1987
2%
Jan Drapała 1 1926
2%
Jan Pająk 2 1933-1934
2%
Jan Schmidt 1 1961
2%
Janusz Sybis 18 1976-1980
2%
Jan Wraży 7 1968-1972
2%
Jerzy Musiałek 13 1961-1967
2%
Jerzy Sadek 18 1965-1971
2%
Józef Adamiec 9 1981-1984
2%
Józef Gałeczka 18 1962-1966
2%
Józef Garbień 8 1922-1926
2%
Józef Kotlarczyk 30 1930-1937
2%
Józef Słonecki 6 1923-1925
2%
Karol Hanke 9 1924-1928
2%
Kazimierz Polok 5 1961-1963
2%
Kazimierz Seichter 3 1925-1927
2%
Krzysztof Urbanowicz 4 1983-1984
2%
Leon Sperling 16 1921-1930
2%
Leopold Duźniak 1 1922
2%
Leszek Lipka 21 1979-1981
2%
Lucjan Rudnicki 1 1936
2%
Maciej Śliwowski 9 1989-1993
2%
Marek Biegun 1 1985
2%
Marian Einbacher 1 1921
2%
Marian Kielec 1 1962
2%
Marian Kiliński 1 1924
2%
Marian Kozerski 8 1969-1971
2%
Marian Machowski 1 1956
2%
Marian Spoida 14 1922-1928
2%
Mieczysław Balcer 10 1924-1935
2%
Mieczysław Szczurek 5 1947-1950
2%
Mieczysław Zimowski 1 1923
2%
Mirosław Rzepa 1 1992
2%
Modest Boguszewski 2 1987
2%
Piotr Skrobowski 15 1980-1984
2%
Roman Jakóbczak 5 1974-1976
2%
Roman Kasprzyk 2 1963
2%
Roman Lentner 32 1957-1966
2%
Romuald Kujawa 1 1991
2%
Ryszard Szpakowski 1 1974
2%
Spirydion Albański 18 1931-1936
2%
Stanisław Cikowski 9 1921-1924
2%
Stanisław Hachorek 16 1955-1960
2%
Stanisław Majcher 3 1966
2%
Stanisław Malczyk 3 1932-1935
2%
Stanisław Mielech 2 1921-1922
2%
Stefan Kisieliński 6 1926-1928
2%
Stefan Lasota 1 1932
2%
Stefan Szefer 3 1966-1967
2%
Tadeusz Dolny 7 1981-1985
2%
Tadeusz Zastawniak 8 1925-1928
2%
Tomasz Korynt 1 1979
2%
Tomasz Lenart 2 1995-1996
2%
Walerian Kisieliński 7 1931-1937
2%
Wiesław Pajor 1 1954
2%
Witold Gieras 3 1923-1925
2%
Władysław Karasiak 12 1924-1934
2%
Władysław Prymka 1 1922
2%
Władysław Przybysz 1 1928
2%
Zbigniew Myga 1 1966
2%
Zbigniew Niziński 1 1922
2%
Zygmunt Chruściński 9 1924-1932
2%
Zygmunt Schmidt 13 1966-1969
2%
Adam Fedoruk 18 1990-1994
1%
Adam Knioła 2 1931-1935
1%
Adam Michel 3 1959-1960
1%
Aleksander Kahane 3 1926-1927
1%
Aleksander Mysiak 13 1930-1934
1%
Alfred Kokot 1 1949
1%
Alfred Pochopień 1 1939
1%
Alojzy Łysko 1 1964
1%
Andrzej Drozdowski 7 1973-1974
1%
Andrzej Jaskot 1 1998
1%
Andrzej Rewilak 1 1966
1%
Andrzej Sykta 2 1959-1962
1%
Antoni Barwiński 17 1947-1950
1%
Antoni Böttcher 1 1937
1%
Antoni Gałecki 18 1928-1938
1%
Antoni Komendo-Borowski 1 1935
1%
Antoni Konopelski 1 1956
1%
Antoni Łyko 2 1937-1938
1%
Antoni Nieroba 17 1959-1967
1%
Arkadiusz Gmur 1 1992
1%
August Milde 3 1926
1%
Bogusław Widawski 1 1959
1%
Bolesław Gendera 1 1938
1%
Bolesław Habowski 2 1937-1939
1%
Bolesław Smólski 1 1947
1%
Bolesław Szadkowski 7 1968-1969
1%
Czesław Boguszewicz 5 1976-1977
1%
Czesław Rajtar 1 1952
1%
Czesław Suszczyk 25 1949-1958
1%
Czesław Uznański 3 1956
1%
Edmund Giemsa 9 1933-1939
1%
Edmund Majowski 4 1933-1934
1%
Edmund Twórz 6 1937-1939
1%
Edward Konietzny 1 1926
1%
Emil Goerlitz 8 1924-1925
1%
Emil Skrynkowicz 1 1931
1%
Eryk Tatuś 1 1936
1%
Franciszek Cebulak 5 1931-1936
1%
Franciszek Giebartowski 3 1926
1%
Franciszek Sobkowiak 1 1938
1%
Franciszek Tim 1 1952
1%
Franciszek Wilczkiewicz 2 1931-1932
1%
Fryderyk Monica 13 1959-1963
1%
Grzegorz Stencel 1 1988
1%
Henryk Alszer 13 1948-1955
1%
Henryk Bartyla 7 1952-1955
1%
Henryk Bobula 5 1948
1%
Henryk Borucz 5 1949-1951
1%
Henryk Bożek 2 1950
1%
Henryk Brejza 9 1966-1968
1%
Henryk Frymarkiewicz 1 1934
1%
Henryk Gajdzik 10 1947-1948
1%
Henryk Gronowski 1 1957
1%
Henryk Janduda 10 1948-1950
1%
Henryk Jaźnicki 1 1939
1%
Henryk Kempny 16 1955-1958
1%
Henryk Mikunda 1 1938
1%
Henryk Miłoszewicz 9 1980
1%
Henryk Pietrek 1 1963
1%
Henryk Przeździecki 1 1935
1%
Henryk Rybicki 3 1949
1%
Henryk Skromny 7 1947-1952
1%
Henryk Spodzieja 9 1947-1949
1%
Henryk Stroniarz 1 1965
1%
Henryk Szymborski 6 1951-1958
1%
Henryk Wawrowski 15 1974-1978
1%
Hieronim Barczak 8 1980
1%
Hieronim Schwartz 1 1936
1%
Horst Mahseli 9 1955-1958
1%
Hubert Banisz 6 1952-1953
1%
Izydor Redler 1 1926
1%
Jacek Grembocki 7 1987-1994
1%
Jacek Płuciennik 4 1994-1997
1%
Jan Badura 2 1931-1936
1%
Jan Durka 1 1926
1%
Jan Erlich 2 1977
1%
Jan Gomola 7 1966-1971
1%
Jan Kauder 1 1953
1%
Jan Kłaczek 1 1953
1%
Jan Kotlarczyk 20 1928-1935
1%
Jan Luxenburg 1 1928
1%
Jan Przecherka 4 1948
1%
Jan Rudnow 1 1968
1%
Jan Wasiewicz 11 1935-1938
1%
Jerzy Dworczyk 1 1978
1%
Jerzy Jurowicz 8 1947-1950
1%
Jerzy Krasówka 5 1949-1953
1%
Jerzy Otfinowski 1 1932
1%
Jerzy Wostal 10 1936-1939
1%
Joachim Pierzyna 1 1962
1%
Joachim Stachuła 1 1969
1%
Józef Gomoluch 1 1967
1%
Józef Kohut 11 1948-1953
1%
Józef Kokot 1 1954
1%
Józef Korbas 2 1937-1938
1%
Józef Kubiński 3 1926-1928
1%
Józef Machnik 2 1956
1%
Józef Mamoń 9 1949-1952
1%
Józef Oprych 1 1948
1%
Józef Smoczek 4 1930-1935
1%
Józef Żiżka 2 1934-1936
1%
Juliusz Joksch 1 1936
1%
Juliusz Kruszankin 7 1986-1993
1%
Kajetan Kryszkiewicz 2 1937
1%
Karol Dziwisz 2 1933-1934
1%
Karol Pazurek 16 1927-1935
1%
Kazimierz Kaszuba 3 1951-1954
1%
Kazimierz Trampisz 10 1950-1958
1%
Klaus Jerominek 1 1952
1%
Klaus Masseli 1 1966
1%
Konrad Kornek 15 1962-1967
1%
Konstanty Haliszka 3 1934-1935
1%
Krzysztof Baszkiewicz 20 1955-1960
1%
Krzysztof Hausner 1 1967
1%
Krzysztof Rześny 6 1973-1976
1%
Krzysztof Sobieski 2 1977
1%
Leon Radojewski 1 1932
1%
Ludwik Szabakiewicz 2 1925-1928
1%
Marceli Strzykalski 17 1952-1961
1%
Marek Szczech 2 1987
1%
Marian Fontowicz 8 1930-1935
1%
Marian Masłoń 2 1956
1%
Marian Nowara 2 1958
1%
Marian Ostafiński 11 1971-1975
1%
Marian Schaller 4 1930-1934
1%
Marian Szeja 15 1965-1973
1%
Michał Filek 1 1947
1%
Michał Flieger 1 1926
1%
Mieczysław Szumiec 1 1926
1%
Mieczysław Tarka 2 1948-1949
1%
Mirosław Justek 3 1978
1%
Mirosław Kubisztal 1 1989
1%
Oskar Brajter 4 1950-1952
1%
Otto Riesner 6 1931-1935
1%
Paweł Cyganek 1 1939
1%
Paweł Lubina 2 1926-1927
1%
Paweł Sobek 5 1952-1953
1%
Piotr Brol 2 1967-1969
1%
Piotr Czaja 2 1970
1%
Piotr Danielak 1 1938
1%
Piotr Soczyński 30 1989-1992
1%
Robert Gronowski 1 1953
1%
Robert Grzywocz 2 1954
1%
Roman Bazan 21 1963-1968
1%
Roman Durniok 4 1953-1954
1%
Roman Mrugała 2 1938
1%
Roman Strzałkowski 18 1966-1970
1%
Rudolf Patkoló 3 1949-1952
1%
Ryszard Łysakowski 1 1934
1%
Ryszard Mańko 1 1970
1%
Ryszard Szymczak 2 1972
1%
Stanisław Burzyński 2 1976
1%
Stanisław Czulak 1 1924
1%
Stanisław Deutschmann 1 1928
1%
Stanisław Flanek 8 1947-1950
1%
Stanisław Fołtyn 4 1960-1964
1%
Stanisław Paździor 1 1972
1%
Stanisław Ptak 1 1927
1%
Stanisław Sobczyński 6 1974
1%
Stefan Doniec 3 1935
1%
Stefan Fliegel 1 1935
1%
Stefan Florenski 11 1957-1968
1%
Stefan Sumara 1 1938
1%
Symplicjusz Zwierzewski 3 1926-1932
1%
Tadeusz Glimas 4 1950-1952
1%
Tadeusz Hogendorf 6 1947-1949
1%
Tadeusz Konkiewicz 1 1930
1%
Tadeusz Parpan 20 1947-1950
1%
Tadeusz Świcarz 5 1947-1949
1%
Tadeusz Waśko 7 1948
1%
Teodor Wieliszek 1 1926
1%
Tomasz Stefaniszyn 12 1952-1960
1%
Wacław Sąsiadek 3 1948-1954
1%
Waldemar Folbrycht 1 1968
1%
Waldemar Słomiany 1 1963
1%
Walter Winkler 23 1966-1971
1%
Wiesław Wraga 1 1986
1%
Witold Bendkowski 5 1988-1993
1%
Witold Kasperski 1 1974
1%
Witold Przykucki 1 1928
1%
Witold Szyguła 3 1963-1970
1%
Witold Wypijewski 5 1928-1934
1%
Władysław Gędłek 19 1949-1953
1%
Władysław Giergiel 1 1947
1%
Władysław Grotyński 4 1970-1971
1%
Władysław Gzel 2 1962-1964
1%
Władysław Kawula 5 1960-1962
1%
Władysław Olearczyk 4 1923-1925
1%
Władysław Soporek 2 1957-1958
1%
Władysław Szaryński 2 1970
1%
Włodzimierz Śpiewak 8 1962-1964
1%
Wojciech Tyc 1 1977
1%
Zbigniew Hnatio 1 1976
1%
Zbigniew Jaskowski 1 1952
1%
Zbigniew Kwaśniewski 2 1978
1%
Zbigniew Szarzyński 6 1957-1965
1%
Zdzisław Mordarski 12 1948-1954
1%
Zenon Kasztelan 6 1973
1%
Zenon Sroczyński 1 1935
1%
Zygfryd Słoma 2 1950
1%
Zygmunt Gadecki 5 1960
1%
Zygmunt Garłowski 3 1974-1976
1%
Zygmunt Krumholz 1 1922
1%
Zygmunt Ochmański 1 1949
1%
Zygmunt Steuermann 2 1926-1928
1%
Adam Kensy 3 1983
0%
Adam Zejer 5 1987-1991
0%
Andrzej Milczarski 1 1980
0%
Edward Załężny 4 1980
0%
Eugeniusz Cebrat 6 1985
0%
Henryk Janikowski 3 1981
0%
Jacek Bobrowicz 1 1991
0%
Jacek Duchowski 1 1990
0%
Jan Benigier 4 1976
0%
Jan Karwecki 5 1974-1975
0%
Janusz Stawarz 2 1981
0%
Jarosław Gierejkiewicz 1 1992
0%
Jerzy Kasalik 3 1974
0%
Jerzy Ludyga 1 1977
0%
Józef Kopicera 2 1974
0%
Józef Kwiatkowski 7 1974-1975
0%
Krystian Szuster 3 1989
0%
Krystian Walot 1 1981
0%
Krzysztof Kajrys 3 1981
0%
Marek Godlewski 3 1989-1990
0%
Marek Ługowski 2 1987
0%
Michał Gębura 3 1991
0%
Mirosław Pękala 6 1981-1987
0%
Roman Geszlecht 4 1981
0%
Ryszard Cyroń 2 1988
0%
Ryszard Kraus 4 1991-1992
0%
Stanisław Gzil 1 1978
0%
Tadeusz Błachno 2 1978
0%
Tadeusz Jakubczyk 1 1977
0%
Tadeusz Małnowicz 1 1978
0%
Waldemar Waleszczyk 1 1985
0%
Wiesław Cisek 12 1987-1988
0%
Witold Wenclewski 5 1987-1988
0%
Zbigniew Mikołajów 3 1980
0%
Zbigniew Płaszewski 5 1976-1980
0%
Zdzisław Puszkarz 1 1975
0%
Nie znaleziono quizów pasujących do podanych kryteriów
Rozkład punktacji
Procent ludzi z każdym wynikiem
Percentyl według liczby udzielonych odpowiedzi
Twoja historia wyników
Nie rozwiązałeś tego quizu